00656nam a2200241 a 4500001001300000003000900013005001700022008004100039020000800080082001700088100001700105245003200122260004000154300000800194500003500202505001700237650001800254700001700272902000800289942000700297952009500304999001500399nice12345678IN_TiNIC20260116011600.0050524s1914 woka grp 000 0 eng  ac000a297.52bKAM1 aKamaluddin,  aIslam and the Muslim Prayer aWokingbIslamic Review Officec1914 a64p aincludes index and biblioraphy2 aIndex, Illus aIslam-Prayers1 aKamaluddin,  bSRS cBK 00104070aHMIbHMId2005-05-24g0.00l0o297.52 KAM1p1539r2005-05-24w2026-01-16yARB c2737d2737